书目信息 |
| 题名: |
法国文学名家
|
|
| 作者: | 刘扳盛 著 | |
| 分册: | ||
| 出版信息: | 哈尔滨 黑龙江人民出版社 1983 |
|
| 页数: | 345页 | |
| 开本: | 21cm | |
| 丛书名: | ||
| 单 册: | ||
| 中图分类: | I565.06 | |
| 科图分类: | ||
| 主题词: | 作家--列传--法国 | |
| 电子资源: | ||
| ISBN: | ||
| 000 | 00638nam0 2200241 45 | |
| 001 | 0183012143 | |
| 005 | 20040414085819.6 | |
| 010 | @dCNY1.05 | |
| 091 | @a10093.498 | |
| 100 | @a19950517d1983 em y0chiy0121 ea | |
| 101 | 0 | @achi |
| 102 | @aCN@b230000 | |
| 105 | @af z 000yc | |
| 106 | @ar | |
| 200 | 10 | @a法国文学名家@Afa guo wen xue ming jia@f刘板盛著 |
| 210 | @a哈尔滨@c黑龙江人民出版社@d1983 | |
| 215 | @a345页@c肖像@d21cm | |
| 606 | @a作家@x列传@y法国 | |
| 690 | @aI565.06 | |
| 701 | 0 | @a刘扳盛@Aliu ban sheng@4著 |
| 801 | 0 | @aCN@b上海图书馆@c20040414 |
| 801 | 2 | @aCN@bNLC@c20040414 |
| 905 | @f4@b13607-610@dI565.06@e142 | |
| 法国文学名家/刘板盛著.-哈尔滨:黑龙江人民出版社,1983 |
| 345页:肖像;21cm |
| ISBN :CNY1.05 |
| ● |
| 相关链接 |
|
|
|
|
正题名:法国文学名家
索取号:I565.06/142
 
预约/预借
| 序号 | 登录号 | 条形码 | 馆藏地/架位号 | 状态 | 备注 |
| 1 | 0013607 | 000120078 | 第二借阅区/ [索取号:I565.06/142] | 在馆 | |
| 2 | 0013608 | 000120050 | 第二借阅区/ [索取号:I565.06/142] | 在馆 | |
| 3 | 0013609 | 000120069 | 第二借阅区/ [索取号:I565.06/142] | 在馆 | |
| 4 | 0013610 | 000220096 | 第二借阅区/ [索取号:I565.06/142] | 在馆 | |
| 5 | 0136310 | 000120096 | 第二借阅区/ [索取号:I565.06/142] | 在馆 | |
| 6 | 0136311 | 202115692 | 第一样本阅览室/ [索取号:I565.06/142] | 在馆 |